[Event "Quebec-ch U20"]
[Site "Montreal"]
[Date "2010.03.14"]
[Round "5"]
[White "MacIsaac, Alexandre"]
[Black "Dumont, Felix"]
[Result "0-1"]
[WhiteElo "1622"]
[BlackElo "2007"]
[PlyCount "32"]
[EventDate "2010.03.12"]
[EventType "swiss"]
[EventRounds "5"]
[EventCountry "CAN"]
[SourceTitle "EXT 2013"]
[Source "ChessBase"]
[SourceDate "2012.11.22"]
[SourceVersion "1"]
[SourceVersionDate "2012.11.22"]
[SourceQuality "1"]

1. e4 c5 2. Nf3 d6 3. d4 cxd4 4. Nxd4 Nf6 5. Nc3 a6 6. Be3 e5 7. Nf3 Be7 8. Bc4 0-0 9. 0-0 Qc7 10. Bb3 b5 11. a3 Bb7 12. Nd5 Nxd5 13. Bxd5 Nd7 14. Rc1 Nf6 15. Qd3 Bxd5 16. exd5 e4 0-1

[Event "Quebec-ch qual"]
[Site "Gatineau"]
[Date "2010.03.09"]
[Round "1"]
[White "MacIsaac, Alexandre"]
[Black "Berthiaume, Serge"]
[Result "1-0"]
[WhiteElo "1622"]
[BlackElo "1309"]
[PlyCount "97"]
[EventDate "2010.03.09"]
[EventType "swiss"]
[EventRounds "5"]
[EventCountry "CAN"]
[SourceTitle "EXT 2011"]
[Source "ChessBase"]
[SourceDate "2010.11.26"]
[SourceVersion "1"]
[SourceVersionDate "2010.11.26"]
[SourceQuality "1"]

1. e4 e5 2. Nf3 Nf6 3. Nxe5 d6 4. Nf3 Nxe4 5. Nc3 Nxc3 6. dxc3 Be7 7. Bd3 Nc6 8. 0-0 Bg4 9. Re1 0-0 10. Bf4 Bf6 11. Re3 Ne5 12. Be2 Nxf3+ 13. Bxf3 Bxf3 14. Qxf3 Qd7 15. Rae1 Qb5 16. c4 Qd7 17. b3 Rfe8 18. Qxb7 Bd4 19. Rxe8+ Rxe8 20. Rxe8+ Qxe8 21. Bd2 Bb6 22. h3 h6 23. Qf3 Qe5 24. Bc3 Qe6 25. Qg4 Qxg4 26. hxg4 Kh7 27. a4 a5 28. Kf1 c5 29. f4 f6 30. Ke2 Kg6 31. Kf3 Kf7 32. Ke4 Ke6 33. f5+ Kd7 34. Kd5 Bc7 35. Bd2 Bb6 36. c3 Bc7 37. b4 Bb6 38. Be1 Bc7 39. bxc5 dxc5 40. Kxc5 Bd6+ 41. Kb5 Bc7 42. c5 Kc8 43. c4 Kb7 44. c6+ Ka7 45. Bxa5 Be5 46. c7 Kb7 47. c5 Kc8 48. Kc6 Bd4 49. Bb6 1-0

[Event "Gatineau CEH op"]
[Site "Gatineau"]
[Date "2010.02.23"]
[Round "7"]
[White "MacIsaac, Alexandre"]
[Black "Scantland, Patrick"]
[Result "1-0"]
[WhiteElo "1516"]
[BlackElo "1759"]
[PlyCount "127"]
[EventDate "2010.01.12"]
[EventType "swiss"]
[EventRounds "7"]
[EventCountry "CAN"]
[SourceTitle "EXT 2011"]
[Source "ChessBase"]
[SourceDate "2010.11.26"]
[SourceVersion "1"]
[SourceVersionDate "2010.11.26"]
[SourceQuality "1"]

1. e4 c5 2. Nf3 d6 3. d4 cxd4 4. Nxd4 Nf6 5. Nc3 a6 6. Be3 e5 7. Nf3 Be7 8. Be2 Qc7 9. 0-0 b5 10. a3 Bb7 11. Qd3 Nbd7 12. Rfd1 0-0 13. Rac1 Rab8 14. Nd2 Rfc8 15. f3 Nb6 16. Kh1 Nc4 17. Nxc4 bxc4 18. Qd2 d5 19. exd5 Nxd5 20. Nxd5 Bxd5 21. Qc3 Bf6 22. Qb4 Rd8 23. Qc5 Qxc5 24. Bxc5 Rxb2 25. Bb4 h5 26. Ba5 Rd7 27. Bxc4 Bc6 28. Rxd7 Bxd7 29. Bxa6 Bc6 30. Bd3 g6 31. Bc3 Rb8 32. f4 Re8 33. Bxe5 Bxe5 34. fxe5 Rxe5 35. Kg1 Ba4 36. Rb1 Rc5 37. Rb4 Bxc2 38. Rc4 Rxc4 39. Bxc4 Ba4 40. Kf2 Kf8 41. Ke3 Ke7 42. Kd4 h4 43. Kc5 f5 44. Bb5 Bd1 45. a4 Kd8 46. a5 Kc7 47. Bd3 Kb7 48. Kd6 Bh5 49. a6+ Kb6 50. Ke5 Bd1 51. Kf4 Ba4 52. Be2 Bc6 53. Bf3 Be8 54. Be2 Bc6 55. Bf1 Kc5 56. Kg5 Be8 57. Kxh4 Kd5 58. Kg5 Ke5 59. Be2 Kd6 60. Bf3 Bc6 61. Bxc6 Kxc6 62. Kxg6 Kb6 63. Kxf5 Kxa6 64. h4 1-0

[Event "Hull CC 29 Anniv-B"]
[Site "Gatineau"]
[Date "2009.09.30"]
[Round "4"]
[White "Desjardins, Michel"]
[Black "MacIsaac, Alexandre"]
[Result "1-0"]
[WhiteElo "1860"]
[BlackElo "1483"]
[PlyCount "59"]
[EventDate "2009.09.08"]
[EventType "swiss"]
[EventRounds "5"]
[EventCountry "CAN"]
[SourceTitle "EXT 2011"]
[Source "ChessBase"]
[SourceDate "2010.11.26"]
[SourceVersion "1"]
[SourceVersionDate "2010.11.26"]
[SourceQuality "1"]

1. e4 c5 2. Nc3 e6 3. g3 Nc6 4. Bg2 Nf6 5. d3 d5 6. exd5 exd5 7. Bg5 Be6 8. Bxf6 gxf6 9. Nge2 Qd7 10. Nf4 0-0-0 11. 0-0 Bg4 12. Bf3 Bxf3 13. Qxf3 Nb4 14. Rac1 d4 15. Ne4 Nxa2 16. Ra1 Nb4 17. Rxa7 Kb8 18. Rfa1 Na6 19. R1xa6 bxa6 20. Rxd7 Rxd7 21. Nxf6 Rb7 22. Qc6 Ka7 23. N4d5 Bh6 24. Qxc5+ Kb8 25. Qd6+ Ka7 26. Nc7 Rb6 27. Qe7 Rb7 28. Qc5+ Rb6 29. Nfd5 Rhb8 30. Nxb6 1-0

[Event "Gatineau Qualification CIQ"]
[Site "Gatineau"]
[Date "2009.03.24"]
[Round "3"]
[White "MacIsaac, Alexandre"]
[Black "Van Dusen, Eric Raymond"]
[Result "0-1"]
[WhiteElo "1452"]
[BlackElo "1858"]
[PlyCount "108"]
[EventDate "2009.03.10"]
[EventType "swiss"]
[EventRounds "5"]
[EventCountry "CAN"]
[SourceTitle "EXT 2010"]
[Source "ChessBase"]
[SourceDate "2010.11.25"]
[SourceVersion "1"]
[SourceVersionDate "2010.11.25"]
[SourceQuality "1"]

1. Nf3 g6 2. g3 Bg7 3. d4 d6 4. Bg2 Nd7 5. b4 c5 6. bxc5 dxc5 7. Bb2 Nh6 8. Nbd2 0-0 9. Rb1 Rb8 10. dxc5 Nxc5 11. Bxg7 Kxg7 12. 0-0 b6 13. Nb3 Qxd1 14. Rbxd1 Na4 15. Rd3 Bf5 16. Re3 Bxc2 17. Rc1 Bxb3 18. axb3 Nc5 19. Rxe7 a5 20. Nd4 Nf5 21. Nxf5+ gxf5 22. Bd5 Rbe8 23. Rxe8 Rxe8 24. Bc4 Rd8 25. Rb1 Ne6 26. Bd3 Kf6 27. b4 a4 28. Ra1 Ra8 29. Bc2 b5 30. Bd3 Nc7 31. Rc1 Ra7 32. Rc6+ Kg7 33. Bxf5 a3 34. Rc1 a2 35. Ra1 Nd5 36. Bc2 Nxb4 37. Bb3 Ra3 38. Bd1 Nd5 39. e4 Nc3 40. Bc2 Ne2+ 41. Kf1 Nd4 42. Bd1 b4 43. f4 b3 44. Bxb3 Nxb3 45. e5 Nxa1 46. f5 Nc2 47. e6 fxe6 48. fxe6 a1Q+ 49. Ke2 Qe5+ 50. Kf2 Qe3+ 51. Kg2 Ne1+ 52. Kh3 Qh6+ 53. Kg4 Ra4+ 54. Kf5 Qf6# 0-1

[Event "Gatineau Defi Nez rouge B"]
[Site "Gatineau"]
[Date "2008.12.09"]
[Round "3"]
[White "Lavergne, Daniel"]
[Black "MacIsaac, Alexandre"]
[Result "1-0"]
[WhiteElo "1656"]
[BlackElo "1404"]
[PlyCount "57"]
[EventDate "2008.11.25"]
[EventType "swiss"]
[EventRounds "5"]
[EventCountry "CAN"]
[SourceTitle "EXT 2022"]
[Source "ChessBase"]
[SourceDate "2021.10.06"]
[SourceVersion "1"]
[SourceVersionDate "2021.10.06"]
[SourceQuality "1"]

1. e4 c5 2. Nf3 d6 3. d4 cxd4 4. Nxd4 Nf6 5. Nc3 g6 6. f4 Nc6 7. Bb5 Bd7 8. e5 dxe5 9. Nxc6 bxc6 10. fxe5 cxb5 11. exf6 exf6 12. 0-0 Bc5+ 13. Kh1 0-0 14. Bh6 Re8 15. Qf3 Bf5 16. Rad1 Qc8 17. Nd5 Be7 18. Rfe1 Qxc2 19. Nxe7+ Kh8 20. Rd2 Qc7 21. Rde2 Qd8 22. Nxg6+ fxg6 23. Rxe8+ Qxe8 24. Rxe8+ Rxe8 25. h3 Re1+ 26. Kh2 Re4 27. Qc3 Re5 28. Qd4 Kg8 29. Qxa7 1-0